000
00332nam a2200133Ia 4500
005
20251222144731.0
008
251222s9999||||xx |||||||||||||| ||spa||
020
_a
968-16-3555-8
082
_a
332.4/B38
100
_a
Benetti, Carlo
245
0
_a
Moneda y Teoría del Valor
264
_b
Fondo de Cultura Económica
942
_c
LIB
999
_c
18572
_d
18572